Biblioteca y Centro de Documentación

Part-time wage penalties for women in prime age: a matter of selection or segregation? Evidence from four european countries (Registro nro. 45542)

Detalles MARC
000 -CABECERA
Longitud fija campo de control 01292naa a2200337 4500
001 - NÚMERO DE CONTROL
Número de control 45542
003 - IDENTIFICADOR DE NÚMERO DE CONTROL
Identificador del número de control ES-MaCES
005 - FECHA Y HORA DE LA ÚLTIMA TRANSACCIÓN
Fecha y hora de la última transacción 20141127122903.0
008 - CAMPO FIJO DE DESCRIPCIÓN FIJA--INFORMACIÓN GENERAL
Códigos de información de longitud fija   000000s2014 xxu||||| t||||||| ||eng d
040 ## - FUENTE DE CATALOGACIÓN
Centro catalogador de origen ES-MaCES
Lengua de catalogación spa
Centro transcriptor ES-MaCES
100 1# - ENCABEZAMIENTO PRINCIPAL--NOMBRE PERSONAL
9 (RLIN) 35437
Nombre de persona Matteazzi, Eleonora
245 10 - MENCIÓN DE TÍTULO
Título Part-time wage penalties for women in prime age: a matter of selection or segregation? Evidence from four european countries
Mención de responsabilidad, etc. Eleonora Matteazzi, Ariane Pailhé, and Anne Solaz
500 ## - NOTA GENERAL
Nota general Resumen
504 ## - NOTA DE BIBLIOGRAFÍA, ETC.
Nota de bibliografía, etc. Bibliografía: p. 984-985
650 #4 - ASIENTO SECUNDARIO DE MATERIA--TÉRMINO DE MATERIA
9 (RLIN) 29792
Término de materia o nombre geográfico como elemento inicial situación ocupacional
650 #4 - ASIENTO SECUNDARIO DE MATERIA--TÉRMINO DE MATERIA
9 (RLIN) 26772
Término de materia o nombre geográfico como elemento inicial empleo a tiempo parcial
650 #4 - ASIENTO SECUNDARIO DE MATERIA--TÉRMINO DE MATERIA
9 (RLIN) 29458
Término de materia o nombre geográfico como elemento inicial diferencia del salario
650 #4 - ASIENTO SECUNDARIO DE MATERIA--TÉRMINO DE MATERIA
9 (RLIN) 28657
Término de materia o nombre geográfico como elemento inicial mujeres
650 #4 - ASIENTO SECUNDARIO DE MATERIA--TÉRMINO DE MATERIA
9 (RLIN) 27180
Término de materia o nombre geográfico como elemento inicial discriminación
650 #4 - ASIENTO SECUNDARIO DE MATERIA--TÉRMINO DE MATERIA
9 (RLIN) 28846
Término de materia o nombre geográfico como elemento inicial estudio de casos
650 #4 - ASIENTO SECUNDARIO DE MATERIA--TÉRMINO DE MATERIA
9 (RLIN) 26933
Término de materia o nombre geográfico como elemento inicial Austria
650 #4 - ASIENTO SECUNDARIO DE MATERIA--TÉRMINO DE MATERIA
9 (RLIN) 26952
Término de materia o nombre geográfico como elemento inicial Italia
650 #4 - ASIENTO SECUNDARIO DE MATERIA--TÉRMINO DE MATERIA
9 (RLIN) 26959
Término de materia o nombre geográfico como elemento inicial Polonia
650 #4 - ASIENTO SECUNDARIO DE MATERIA--TÉRMINO DE MATERIA
9 (RLIN) 26967
Término de materia o nombre geográfico como elemento inicial Reino Unido
653 10 - TÉRMINO DE INDEXACIÓN--NO CONTROLADO
Término no controlado Relaciones laborales-Empleo
700 1# - ENCABEZAMIENTO SECUNDARIO--NOMBRE PERSONAL
9 (RLIN) 20233
Nombre de persona Pailhé, Ariane
700 1# - ENCABEZAMIENTO SECUNDARIO--NOMBRE PERSONAL
9 (RLIN) 24222
Nombre de persona Solaz, Anne
773 0# - ENTRADA DE DOCUMENTO FUENTE
Itemnumber del ítem fuente 81940
Lugar, editor y fecha de publicación New York (Ithaca, 14853-3901) Cornell University
Otro identificador del documento 084845
Título Industrial and labor relations review
Número de control del registro relacionado (ES-MaCES)25696
Parte(s) relacionada(s) vol. 67, no. 3 (July 2014) {10695 R. 084845} ;p. 955-985
902 ## - CES. TIPO DE DOCUMENTO
Tipodoc (006$c Sirtex) ART Artículo de revista
942 ## - ELEMENTOS KOHA
Fuente de clasificaión o esquema Clasificación propia del CES
Koha [por defecto] tipo de item Artículos (1982-2017)
Parte de clasificación Relaciones Laborales y Rel. Lab.- Empleo

No hay ítems disponibles.

© CES, Consejo Económico y Social de España 2021